[Event "MPL-1 Indian Chess Tour 2022"]
[Site "Online"]
[Date "2022.03.27"]
[Round "13.6"]
[White "Lalith Babu M R"]
[Black "Harika, Dronavalli"]
[Result "1/2-1/2"]
[WhiteElo "2563"]
[BlackElo "2517"]
[Annotator "ChessBase"]
[PlyCount "148"]
[EventDate "2022.03.30"]
[EventType "tourn"]
[EventCountry "NET"]
[SourceTitle "playchess.com"]
[Source "ChessBase"]
[SourceQuality "1"]
[TimeControl "5400+30"]

1. d4 {[%emt 1:15:40]} Nf6 {[%emt 1:15:40]} 2. c4 {[%emt 0:00:23]} c5 {[%emt 0:00:22]} 3. d5 {[%emt 0:00:22]} b5 {[%emt 0:00:21]} 4. cxb5 {[%emt 0:00:27]} a6 {[%emt 0:00:21]} 5. b6 {[%emt 0:00:31]} e6 {[%emt 0:00:25]} 6. Nc3 {[%emt 0:00:35]} exd5 {[%emt 0:00:32]} 7. Nxd5 {[%emt 0:00:22]} Nxd5 {[%emt 0:00:21]} 8. Qxd5 {[%emt 0:00:22]} Nc6 {[%emt 0:00:20]} 9. e3 {[%emt 0:00:30]} Be7 {[%emt 0:00:28]} 10. Bc4 {[%emt 0:00:29]} O-O {[%emt 0:00:22]} 11. Nf3 {[%emt 0:00:21]} Rb8 {[%emt 0:00:47]} 12. O-O {[%emt 0:00:22]} Rxb6 {[%emt 0:00:30]} 13. Bd2 {[%emt 0:01:12]} d6 {[%emt 0:01:27]} 14. Qe4 {[%emt 0:01:07]} Nb4 {[%emt 0:01:22]} 15. Bxb4 {[%emt 0:05:13]} Rxb4 {[%emt 0:00:34]} 16. b3 {[%emt 0:00:21]} Bb7 {[%emt 0:01:50]} 17. Qf5 {[%emt 0:00:23]} g6 {[%emt 0:03:23]} 18. Qh3 {[%emt 0:00:23]} d5 {[%emt 0:01:08]} 19. Rad1 {[%emt 0:00:32]} Qa8 {[%emt 0:00:51]} 20. Be2 {[%emt 0:00:41]} Qc8 {[%emt 0:01:21]} 21. Qxc8 {[%emt 0:01:36]} Rxc8 {[%emt 0:00:22]} 22. Ne5 {[%emt 0:00:20]} Bf6 {[%emt 0:01:34]} 23. Nd3 {[%emt 0:00:22]} Rb6 {[%emt 0:00:23]} 24. Nf4 {[%emt 0:00:22]} d4 {[%emt 0:00:28]} 25. exd4 {[%emt 0:00:39]} cxd4 {[%emt 0:00:54]} 26. Bc4 {[%emt 0:00:23]} Rd6 {[%emt 0:00:29]} 27. Rfe1 {[%emt 0:00:29]} Kg7 {[%emt 0:00:27]} 28. Kf1 {[%emt 0:00:32]} a5 {[%emt 0:00:23]} 29. Nd3 {[%emt 0:00:24]} a4 {[%emt 0:00:54]} 30. Ne5 {[%emt 0:01:00]} axb3 {[%emt 0:00:42]} 31. axb3 {[%emt 0:00:22]} Rc7 {[%emt 0:00:52]} 32. Nd3 {[%emt 0:01:06]} h5 {[%emt 0:01:01]} 33. Ra1 {[%emt 0:00:31]} Bc8 {[%emt 0:01:07]} 34. Ra5 {[%emt 0:00:51]} Bf5 {[%emt 0:01:16]} 35. Rd1 {[%emt 0:00:35]} Bxd3+ {[%emt 0:00:58]} 36. Rxd3 {[%emt 0:00:21]} Re7 {[%emt 0:00:22]} 37. g3 {[%emt 0:00:25]} h4 {[%emt 0:00:41]} 38. g4 {[%emt 0:00:25]} Re5 {[%emt 0:00:43]} 39. Ra8 {[%emt 0:00:28]} Re4 {[%emt 0:00:33]} 40. h3 {[%emt 0:00:25]} Rd7 {[%emt 0:00:26]} 41. Kg2 {[%emt 0:00:25]} Rde7 {[%emt 0:00:23]} 42. Rf3 {[%emt 0:00:28]} Be5 {[%emt 0:00:44]} 43. Ra1 {[%emt 0:01:26]} Rf4 {[%emt 0:00:32]} 44. Rxf4 {[%emt 0:00:30]} Bxf4 {[%emt 0:00:20]} 45. Kf3 {[%emt 0:00:27]} Be5 {[%emt 0:00:49]} 46. Rb1 {[%emt 0:00:47]} Kf6 {[%emt 0:00:38]} 47. b4 {[%emt 0:00:21]} Rc7 {[%emt 0:00:21]} 48. Bd3 {[%emt 0:00:22]} Rc3 {[%emt 0:00:27]} 49. Ke4 {[%emt 0:00:41]} Ke6 {[%emt 0:00:26]} 50. g5 {[%emt 0:00:21]} f5+ {[%emt 0:01:35]} 51. gxf6 {[%emt 0:00:22]} Kxf6 {[%emt 0:00:22]} 52. b5 {[%emt 0:00:20]} Rc7 {[%emt 0:00:44]} 53. b6 {[%emt 0:00:22]} Rb7 {[%emt 0:00:27]} 54. Kd5 {[%emt 0:00:43]} Rd7+ {[%emt 0:00:41]} 55. Kc6 {[%emt 0:00:28]} Rd6+ {[%emt 0:00:23]} 56. Kc5 {[%emt 0:00:20]} Rd8 {[%emt 0:00:40]} 57. b7 {[%emt 0:00:21]} g5 {[%emt 0:00:26]} 58. Rb6+ {[%emt 0:00:24]} Ke7 {[%emt 0:00:27]} 59. f3 {[%emt 0:00:44]} Bf4 {[%emt 0:00:27]} 60. Rh6 {[%emt 0:00:36]} Kd7 {[%emt 0:00:33]} 61. Rc6 {[%emt 0:00:53]} Ke7 {[%emt 0:00:29]} 62. Rc8 {[%emt 0:00:27]} Kd7 {[%emt 0:00:37]} 63. Kxd4 {[%emt 0:00:30]} Ke7+ {[%emt 0:00:27]} 64. Kc4 {[%emt 0:00:25]} Kd7 {[%emt 0:00:26]} 65. Bf5+ {[%emt 0:00:23]} Ke7 {[%emt 0:00:21]} 66. Kc5 {[%emt 0:00:21]} Be3+ {[%emt 0:00:24]} 67. Kc6 {[%emt 0:00:26]} Rd6+ {[%emt 0:00:36]} 68. Kc7 {[%emt 0:00:23]} Bf4 {[%emt 0:00:21]} 69. b8=Q {[%emt 0:00:35]} Rf6+ {[%emt 0:00:22]} 70. Kb7 {[%emt 0:00:39]} Bxb8 {[%emt 0:00:21]} 71. Bg4 {[%emt 0:00:22]} Bf4 {[%emt 0:00:25]} 72. Rc2 {[%emt 0:00:31]} Rd6 {[%emt 0:00:22]} 73. Re2+ {[%emt 0:00:22]} Kf6 {[%emt 0:00:22]} 74. Kc8 {[%emt 0:00:46]} Kf7 {[%emt 0:00:22]} 1/2-1/2

[Event "MPL-1 Indian Chess Tour 2022"]
[Site "Online"]
[Date "2022.03.27"]
[Round "13.7"]
[White "Puranik, Abhimanyu"]
[Black "Adhiban, B.."]
[Result "1/2-1/2"]
[WhiteElo "2618"]
[BlackElo "2648"]
[Annotator "TA"]
[PlyCount "95"]
[EventDate "2022.03.30"]
[EventType "tourn"]
[EventCountry "NET"]
[SourceTitle "playchess.com"]
[Source "ChessBase"]
[SourceQuality "1"]

{[%evp 15,95,36,36,21,41,39,30,0,0,0,34,20,17,24,35,-25,-14,-79,41,40,39,38,52,54,54,54,48,51,46,0,0,-70,-58,-155,-115,-116,-115,-108,-111,-117,-109,-156,-102,-144,-143,-136,-134,-274,-274,-258,-237,-311,-268,-248,-157,-147,-156,-168,-34,-43,-43,-69,-34,-34,-44,-57,-42,-44,0,-68,-44,-75,0,-89,0,-8,0,-89,0,-8,0,-89]} 1. Nf3 d5 2. g3 g6 3. Bg2 Bg7 4. d4 Nf6 5. O-O O-O 6. c4 dxc4 7. Na3 c3 8. bxc3 c5 9. Re1 {9.Bb2 is setting a new trend. D77: Fianchetto Grünfeld: 6 0-0: Replies other than 6...c6.} Nc6 10. Bb2 Nd7 11. Nc4 {White has an edge.} Nb6 12. Nxb6 Qxb6 13. Rb1 Qa6 {[#] Against Ba3} 14. d5 $146 ({Predecessor:} 14. Qb3 Be6 15. Qa3 Qxa3 16. Bxa3 cxd4 17. Nxd4 Nxd4 18. cxd4 Bxd4 19. Bxe7 Bxa2 20. Rxb7 {1-0 (34) Atakisi,U (2373)-Strugnell,C (2271) Paracin 2017}) 14... Na5 15. Qa4 (15. Nd2 $14) 15... b5 $11 16. Qh4 (16. Qa3 $11) 16... Qf6 (16... Nc4 $1 $17 {[%cal Rc4b2]} 17. Ba1 f6) 17. Qxf6 $14 (17. Ng5 h6 18. Ne4 Qxh4 19. gxh4 Bf5 $15) 17... Bxf6 18. Nd2 Bg7 19. c4 {Bxg7 is the strong threat.} Bxb2 (19... Nxc4 $2 20. Nxc4 bxc4 21. Bxg7 (21. d6 Rb8 $11) 21... Kxg7 22. d6 $18) 20. Rxb2 b4 {[%cal Bb5b4,Bb4b3][%mdl 32]} (20... Nxc4 $2 21. Nxc4 bxc4 22. d6 $18) 21. a3 b3 22. Ne4 ({But not} 22. d6 Rb8 $11) (22. Rc1 $14) 22... Bf5 $11 {[%cal Bc8f5,Bf5c2,Bc2b3,Bb3c4][%mdl 32]} 23. Nxc5 (23. Nd2 $11) 23... Bc2 $1 $15 {aiming for ...Rac8.} 24. d6 (24. Nxb3 $15 Bxb3 25. c5) 24... exd6 ({Don't do} 24... Nxc4 25. Rxc2 $1 bxc2 26. dxe7 $16) 25. Bxa8 Rxa8 26. Nxb3 Bxb3 27. e4 Bxc4 28. Rd1 (28. Rd2 $142) 28... Rd8 (28... Be6 $142 29. a4 Rc8) 29. Rb4 Be6 30. Rc1 Nb3 31. Rc7 (31. Rc3 $17 {keeps fighting.}) 31... a5 $1 $19 32. Rb5 a4 33. f4 d5 34. exd5 Rxd5 35. Rxd5 Bxd5 36. Kf2 h5 ({Black should try} 36... Nd2 $1 $19 {And now ...Bb3 would win.} 37. Rd7 Ne4+ 38. Ke3 Nf6) 37. Ra7 Bc6 38. Rc7 Be8 39. Ke3 $1 {Inhibits Nd2.} ({Much weaker is} 39. Rc8 Kf8 40. Rc4 Bd7 $17) 39... Kg7 40. Rc8 Bd7 41. Rc7 Be8 42. Rc8 Kf8 43. Rc7 f6 (43... Bb5 $17) 44. Kd3 {[#]} (44. Ra7 $1 $11) 44... Bb5+ ({Better is} 44... Bd7 $1 $17) 45. Kc3 Be8 (45... f5 $11) 46. Kd3 $17 {[#]} Bb5+ (46... Bd7 $1 $17) 47. Kc3 $11 Be8 ({Black should play} 47... f5 $11) 48. Kd3 {Black had all chances to win.  Weighted Error Value: White=0.24 (precise) /Black=0.30} 1/2-1/2

[Event "MPL-1 Indian Chess Tour 2022"]
[Site "Online"]
[Date "2022.03.27"]
[Round "13.8"]
[White "Sankalp Gupta"]
[Black "Erigaisi Arjun"]
[Result "0-1"]
[WhiteElo "2536"]
[BlackElo "2633"]
[Annotator "ChessBase"]
[PlyCount "80"]
[EventDate "2022.03.30"]
[EventType "tourn"]
[EventCountry "NET"]
[SourceTitle "playchess.com"]
[Source "ChessBase"]
[SourceQuality "1"]
[TimeControl "5400+30"]

1. e4 {[%emt 1:15:40]} d5 {[%emt 1:15:40]} 2. exd5 {[%emt 0:00:22]} Qxd5 {[%emt 0:00:20]} 3. Nc3 {[%emt 0:00:33]} Qa5 {[%emt 0:00:23]} 4. Bc4 {[%emt 0:00:24]} Nf6 {[%emt 0:00:24]} 5. d4 {[%emt 0:00:53]} Bg4 {[%emt 0:00:30]} 6. f3 {[%emt 0:00:39]} Bd7 {[%emt 0:00:23]} 7. Nge2 {[%emt 0:00:44]} c5 {[%emt 0:00:29]} 8. dxc5 {[%emt 0:01:04]} e6 {[%emt 0:01:04]} 9. Be3 {[%emt 0:00:32]} Bxc5 {[%emt 0:00:25]} 10. Bxc5 {[%emt 0:01:14]} Qxc5 {[%emt 0:00:20]} 11. Qd4 {[%emt 0:00:21]} Qxd4 {[%emt 0:00:59]} 12. Nxd4 {[%emt 0:00:20]} Nc6 {[%emt 0:00:20]} 13. Ndb5 {[%emt 0:01:03]} Ke7 {[%emt 0:00:40]} 14. O-O-O {[%emt 0:00:22]} Na5 {[%emt 0:00:54]} 15. Be2 {[%emt 0:00:46]} Rhd8 {[%emt 0:00:46]} 16. Rd2 {[%emt 0:00:44]} Bxb5 {[%emt 0:01:23]} 17. Bxb5 {[%emt 0:00:32]} Rxd2 {[%emt 0:00:38]} 18. Kxd2 {[%emt 0:00:20]} g5 {[%emt 0:00:20]} 19. b4 {[%emt 0:00:45]} Rd8+ {[%emt 0:00:47]} 20. Ke3 {[%emt 0:01:03]} Rc8 {[%emt 0:00:25]} 21. Kd3 {[%emt 0:00:21]} Nc6 {[%emt 0:00:26]} 22. Bxc6 {[%emt 0:00:47]} Rxc6 {[%emt 0:00:20]} 23. a4 {[%emt 0:00:27]} Nd7 {[%emt 0:00:34]} 24. Re1 {[%emt 0:00:39]} Rd6+ {[%emt 0:00:46]} 25. Kc4 {[%emt 0:00:54]} Rd2 {[%emt 0:01:59]} 26. Re2 {[%emt 0:00:36]} Rxe2 {[%emt 0:00:21]} 27. Nxe2 {[%emt 0:00:20]} Kd6 {[%emt 0:00:20]} 28. Nc3 {[%emt 0:00:38]} Ke5 {[%emt 0:00:44]} 29. a5 {[%emt 0:01:00]} f5 {[%emt 0:00:29]} 30. b5 {[%emt 0:00:35]} Kd6 {[%emt 0:02:29]} 31. Ne2 {[%emt 0:00:23]} h5 {[%emt 0:00:39]} 32. Kb4 {[%emt 0:02:43]} h4 {[%emt 0:00:35]} 33. h3 {[%emt 0:00:53]} e5 {[%emt 0:00:42]} 34. c4 {[%emt 0:00:51]} Nc5 {[%emt 0:00:29]} 35. Kc3 {[%emt 0:00:25]} Ne6 {[%emt 0:03:54]} 36. g4 {[%emt 0:00:22]} fxg4 {[%emt 0:02:21]} 37. fxg4 {[%emt 0:00:20]} Nf4 {[%emt 0:00:21]} 38. Ng1 {[%emt 0:00:21]} Kc5 {[%emt 0:00:53]} 39. Nf3 {[%emt 0:00:47]} Nxh3 {[%emt 0:00:21]} 40. Nxg5 {[%emt 0:01:30]} Nxg5 {[%emt 0:00:25]} 0-1

[Event "MPL-1 Indian Chess Tour 2022"]
[Site "Online"]
[Date "2022.03.27"]
[Round "14.1"]
[White "Sethuraman, S.P."]
[Black "Erigaisi Arjun"]
[Result "1/2-1/2"]
[WhiteElo "2619"]
[BlackElo "2633"]
[Annotator "ChessBase"]
[PlyCount "86"]
[EventDate "2022.03.30"]
[EventType "tourn"]
[EventCountry "NET"]
[SourceTitle "playchess.com"]
[Source "ChessBase"]
[SourceQuality "1"]
[TimeControl "5400+30"]

1. d4 {[%emt 1:15:40]} Nf6 {[%emt 1:15:40]} 2. c4 {[%emt 0:00:22]} e6 {[%emt 0:00:22]} 3. Nc3 {[%emt 0:00:21]} Bb4 {[%emt 0:00:22]} 4. e3 {[%emt 0:00:21]} O-O {[%emt 0:00:23]} 5. Bd3 {[%emt 0:00:22]} d5 {[%emt 0:00:30]} 6. cxd5 {[%emt 0:00:24]} exd5 {[%emt 0:00:29]} 7. a3 {[%emt 0:00:21]} Bd6 {[%emt 0:00:42]} 8. Nge2 {[%emt 0:00:28]} Re8 {[%emt 0:00:30]} 9. Qc2 {[%emt 0:00:26]} c5 {[%emt 0:01:21]} 10. dxc5 {[%emt 0:03:55]} Bxc5 {[%emt 0:00:20]} 11. O-O {[%emt 0:01:28]} Nc6 {[%emt 0:01:47]} 12. Rd1 {[%emt 0:01:00]} Bb6 {[%emt 0:00:35]} 13. Ng3 {[%emt 0:03:51]} Bg4 {[%emt 0:00:39]} 14. Be2 {[%emt 0:00:29]} Bxe2 {[%emt 0:01:49]} 15. Ncxe2 {[%emt 0:00:21]} Rc8 {[%emt 0:00:24]} 16. Bd2 {[%emt 0:00:36]} Nd4 {[%emt 0:02:25]} 17. Qd3 {[%emt 0:00:24]} Nxe2+ {[%emt 0:00:21]} 18. Nxe2 {[%emt 0:00:25]} Ba5 {[%emt 0:00:26]} 19. Bxa5 {[%emt 0:01:03]} Qxa5 {[%emt 0:00:20]} 20. Rac1 {[%emt 0:01:19]} h6 {[%emt 0:00:32]} 21. h3 {[%emt 0:00:31]} Qb6 {[%emt 0:00:22]} 22. b3 {[%emt 0:00:49]} a6 {[%emt 0:01:10]} 23. Rc2 {[%emt 0:00:55]} Rc6 {[%emt 0:01:49]} 24. Rdc1 {[%emt 0:01:07]} Rec8 {[%emt 0:00:25]} 25. Nd4 {[%emt 0:00:24]} Rxc2 {[%emt 0:00:43]} 26. Rxc2 {[%emt 0:00:20]} Qd8 {[%emt 0:00:22]} 27. Qf5 {[%emt 0:01:28]} Rxc2 {[%emt 0:00:24]} 28. Qxc2 {[%emt 0:00:21]} Ne4 {[%emt 0:00:34]} 29. f3 {[%emt 0:00:49]} Ng5 {[%emt 0:00:39]} 30. Qf5 {[%emt 0:01:07]} Qe7 {[%emt 0:00:59]} 31. Kf2 {[%emt 0:00:26]} Qxa3 {[%emt 0:00:48]} 32. Qc8+ {[%emt 0:01:10]} Kh7 {[%emt 0:01:00]} 33. Qf5+ {[%emt 0:00:22]} Kg8 {[%emt 0:00:27]} 34. Qxd5 {[%emt 0:00:50]} Qb2+ {[%emt 0:00:41]} 35. Kg3 {[%emt 0:00:34]} Qd2 {[%emt 0:01:20]} 36. Qe5 {[%emt 0:00:46]} Qe1+ {[%emt 0:00:45]} 37. Kh2 {[%emt 0:00:22]} Qb4 {[%emt 0:00:23]} 38. h4 {[%emt 0:01:12]} Ne6 {[%emt 0:00:29]} 39. Nxe6 {[%emt 0:01:08]} Qxh4+ {[%emt 0:00:24]} 40. Kg1 {[%emt 0:00:21]} Qe1+ {[%emt 0:00:19]} 41. Kh2 {[%emt 0:00:21]} Qh4+ {[%emt 0:00:20]} 42. Kg1 {[%emt 0:00:21]} Qe1+ {[%emt 0:00:20]} 43. Kh2 {[%emt 0:00:21]} Qh4+ {[%emt 0:00:20]} 1/2-1/2

[Event "MPL-1 Indian Chess Tour 2022"]
[Site "Online"]
[Date "2022.03.27"]
[Round "14.2"]
[White "Adhiban, B.."]
[Black "Sankalp Gupta"]
[Result "1/2-1/2"]
[WhiteElo "2648"]
[BlackElo "2536"]
[Annotator "COMBH"]
[PlyCount "133"]
[EventDate "2022.03.30"]
[EventType "tourn"]
[EventCountry "NET"]
[SourceTitle "playchess.com"]
[Source "ChessBase"]
[SourceQuality "1"]

{[%evp 13,133,68,129,112,129,111,95,-19,-30,-14,-14,-21,-25,-23,-22,-27,-26,-25,-22,-61,-7,-5,-5,-5,-6,-4,-4,-5,-18,-27,-33,-70,0,-43,-21,-19,-39,-62,-68,-79,-82,-74,-75,-61,-68,-69,-65,-77,0,-20,0,-29,29995,-41,0,0,0,0,0,-24,0,-38,-32,-58,-60,-65,-70,-72,-8,-8,0,-8,0,0,25,0,0,0,0,0,0,0,0,0,0,0,0,0,0,0,0,0,0,0,0,0,0,0,0,0,0,0,0,0,0,0,0,0,0,0,0,0,0,0,0,0,0,0,0,0,0,0]} 1. Nf3 d5 2. c4 d4 3. b4 f6 4. e3 e5 5. c5 dxe3 6. fxe3 Be6 7. d4 e4 (7... Ne7 $14) 8. Nfd2 $16 f5 9. Nc3 Qg5 10. d5 (10. Ne2 $16) 10... Qxe3+ $11 11. Ne2 Bxd5 12. Nf3 Qd3 13. Qxd3 exd3 14. Nf4 Bxf3 15. gxf3 Nc6 16. Ne6 Kd7 ({Black should play} 16... Kf7 $15 17. Nxf8 Rd8) 17. Nxf8+ $11 Rxf8 18. Bb2 Nf6 (18... Nxb4 19. Bxg7 Ne7 20. Kd2 $14) 19. Bxd3 Nxb4 20. Bxf5+ Kc6 21. O-O Re8 (21... Kxc5 22. Rab1 $11) 22. Rfd1 Nbd5 ({Resist} 22... Kxc5 23. Rac1+ Kb6 24. Rb1 $16 (24. Bd4+ Ka6 $16)) (22... Rd8 $15) 23. Bc2 Re2 24. Rdc1 Kd7 25. Bf5+ Kd8 $1 26. Rab1 Ne3 27. Bh3 Nfd5 $1 28. Be5 Rf8 $1 29. Rxb7 Rxf3 30. Be6 $1 Rg2+ (30... Rxa2 $2 31. Bd6 $1 {[%mdl 512]} Rg2+ 32. Kh1 $18) (30... Rc2 $17 {[%cal Rc2c1]} 31. Re1 Re2 $1) 31. Kh1 $11 Rc2 32. Rcb1 Rxc5 $2 {[%mdl 8192] [#]} (32... Rcf2 $11 33. Rg1 Rf1) 33. Rxa7 $2 (33. Bd6 $1 {[%mdl 512] mates} cxd6 34. Rd7+ Kc8 35. Rxg7+ Kd8 36. Rb8+ Rc8 37. Rxc8#) 33... Ke7 34. Bxd5 Nxd5 35. Bxg7 Rc2 36. a4 Kd6 37. Re1 Ne3 38. Ra5 c5 39. Ra6+ Kd5 $1 40. Rh6 Rf7 (40... Rcf2 $17 {( -> ...Rf1+)} 41. h3 Rf1+ 42. Rxf1 Rxf1+ 43. Kh2 Rf2+ 44. Kh1 Rf1+ 45. Kh2 Rf2+ 46. Kh1 Rf7) 41. Rxh7 $11 Re2 42. Rc1 Nc2 43. Rh5+ Kd6 44. Be5+ Rxe5 45. Rxe5 Kxe5 46. Rxc2 Kd4 47. Kg2 c4 48. Kg3 Rg7+ 49. Kf4 $1 Rh7 50. Kg3 Kd3 51. Rc1 c3 52. h4 c2 53. Kg4 Kd2 54. Ra1 Ra7 55. Rh1 Rxa4+ 56. Kg5 Re4 57. h5 Re1 58. Rh2+ Re2 59. Rh1 Re1 60. Rh2+ Kd3 61. Rxc2 $1 Kxc2 62. h6 Rh1 63. Kg6 Kd3 64. h7 Ke4 65. Kg7 Kf5 66. h8=Q Rxh8 67. Kxh8 1/2-1/2

[Event "MPL-1 Indian Chess Tour 2022"]
[Site "Online"]
[Date "2022.03.27"]
[Round "14.3"]
[White "Harika, Dronavalli"]
[Black "Puranik, Abhimanyu"]
[Result "1-0"]
[WhiteElo "2517"]
[BlackElo "2618"]
[Annotator "ChessBase"]
[PlyCount "81"]
[EventDate "2022.03.30"]
[EventType "tourn"]
[EventCountry "NET"]
[SourceTitle "playchess.com"]
[Source "ChessBase"]
[SourceQuality "1"]
[TimeControl "5400+30"]

1. e4 {[%emt 1:15:40]} c5 {[%emt 1:15:40]} 2. c3 {[%emt 0:00:29]} d5 {[%emt 0:00:23]} 3. exd5 {[%emt 0:00:22]} Nf6 {[%emt 0:00:28]} 4. Bb5+ {[%emt 0:00:40]} Nbd7 {[%emt 0:00:57]} 5. d4 {[%emt 0:01:04]} Nxd5 {[%emt 0:01:01]} 6. dxc5 {[%emt 0:00:54]} e6 {[%emt 0:00:21]} 7. c6 {[%emt 0:00:28]} bxc6 {[%emt 0:00:21]} 8. Bxc6 {[%emt 0:00:21]} Rb8 {[%emt 0:00:21]} 9. Ne2 {[%emt 0:01:17]} Bd6 {[%emt 0:00:57]} 10. Bxd5 {[%emt 0:01:08]} exd5 {[%emt 0:00:22]} 11. O-O {[%emt 0:00:24]} Qc7 {[%emt 0:00:59]} 12. Ng3 {[%emt 0:00:49]} O-O {[%emt 0:00:30]} 13. Nd2 {[%emt 0:00:22]} Ne5 {[%emt 0:00:34]} 14. Nb3 {[%emt 0:00:59]} Ba6 {[%emt 0:01:14]} 15. Re1 {[%emt 0:01:53]} Nd3 {[%emt 0:00:22]} 16. Re3 {[%emt 0:01:48]} Nxc1 {[%emt 0:00:23]} 17. Nxc1 {[%emt 0:00:21]} Bc5 {[%emt 0:01:11]} 18. Rf3 {[%emt 0:00:22]} Rxb2 {[%emt 0:00:22]} 19. Nd3 {[%emt 0:00:24]} Bxd3 {[%emt 0:00:31]} 20. Qxd3 {[%emt 0:00:21]} Qb6 {[%emt 0:00:38]} 21. Rf1 {[%emt 0:00:24]} Qe6 {[%emt 0:01:56]} 22. Nh5 {[%emt 0:02:07]} Rxa2 {[%emt 0:02:38]} 23. Nf4 {[%emt 0:01:38]} Qe4 {[%emt 0:00:22]} 24. Qxd5 {[%emt 0:01:02]} Qxd5 {[%emt 0:00:34]} 25. Nxd5 {[%emt 0:00:21]} Re8 {[%emt 0:00:59]} 26. Rf5 {[%emt 0:00:45]} Bf8 {[%emt 0:00:57]} 27. g3 {[%emt 0:01:35]} a5 {[%emt 0:04:06]} 28. Rb1 {[%emt 0:00:21]} a4 {[%emt 0:00:42]} 29. Rb7 {[%emt 0:00:21]} a3 {[%emt 0:01:01]} 30. Nb4 {[%emt 0:04:11]} Ra1+ {[%emt 0:01:30]} 31. Kg2 {[%emt 0:00:22]} f6 {[%emt 0:00:21]} 32. Ra5 {[%emt 0:00:27]} Rc8 {[%emt 0:00:41]} 33. Raa7 {[%emt 0:00:31]} h5 {[%emt 0:00:58]} 34. Nd5 {[%emt 0:00:27]} Rc5 {[%emt 0:01:13]} 35. Rd7 {[%emt 0:00:54]} a2 {[%emt 0:00:37]} 36. Rd8 {[%emt 0:01:00]} h4 {[%emt 0:01:00]} 37. Ne7+ {[%emt 0:00:39]} Kf7 {[%emt 0:00:23]} 38. Nf5+ {[%emt 0:00:33]} Kg6 {[%emt 0:00:26]} 39. Nxh4+ {[%emt 0:00:21]} Kh7 {[%emt 0:00:41]} 40. Rxf8 {[%emt 0:00:26]} Rxc3 {[%emt 0:00:31]} 41. Rff7 {[%emt 0:00:27]} 1-0

[Event "MPL-1 Indian Chess Tour 2022"]
[Site "Online"]
[Date "2022.03.27"]
[Round "14.4"]
[White "Ganguly, Surya Shekhar"]
[Black "Lalith Babu M R"]
[Result "0-1"]
[WhiteElo "2627"]
[BlackElo "2563"]
[Annotator "TA"]
[PlyCount "74"]
[EventDate "2022.03.30"]
[EventType "tourn"]
[EventCountry "NET"]
[SourceTitle "playchess.com"]
[Source "ChessBase"]
[SourceQuality "1"]

{[%evp 11,74,6,2,0,0,-79,-77,-69,-73,-92,-42,-89,-48,-42,-69,-69,-44,-43,-37,-119,-33,-24,-36,-23,0,-19,-11,-42,-20,-52,0,0,0,0,0,0,0,0,0,0,0,0,0,0,0,0,9,0,43,35,29,5,22,25,43,41,35,39,39,14,27,-5197,-5073,-4132,-735]} 1. Nf3 Nf6 2. c4 e6 3. Nc3 d5 4. e3 Be7 5. b3 O-O 6. Bb2 b6 7. Qc2 {A13: English Opening: 1...e6.} Bb7 8. Ng5 {[#]} (8. cxd5 $11 {was the only way to keep the balance.} exd5 9. d4) 8... d4 $146 ({Predecessor:} 8... Nbd7 9. h4 Re8 10. cxd5 exd5 11. Nb5 c5 12. Bd3 Nf8 13. Bxf6 Bxf6 14. Bxh7+ Nxh7 15. Qxh7+ {1-0 (48) Larino Nieto,D (2471)-Gonzalez Perez,A (2462) Sanxenxo 2019}) 9. exd4 {[%cal Od4d5] Black is better.} Nc6 $1 (9... h6 10. Nf3 $11 (10. Nge4 Nc6 $17)) 10. Nf3 {[#]} Re8 (10... Nxd4 11. Nxd4 Qxd4 12. Nd5 $11) (10... Nb4 $1 $17 {[%cal Rb4c2]} 11. Qb1 Bxf3 12. gxf3 Qxd4) 11. a3 (11. Be2 $15 {feels stronger.}) 11... Nxd4 12. Nxd4 Qxd4 13. Nd5 $1 Qc5 (13... Qh4 {with more complications.} 14. Nxc7 Ng4 15. d4 Ne3) 14. Nxe7+ Qxe7 15. Be2 (15. Bd3 $15) 15... Rad8 ({But not} 15... Be4 $6 16. Qc3 $11) ({Better is} 15... Bxg2 $17 16. Rg1 Be4) 16. O-O $15 e5 {Against d4} 17. Rfe1 $1 Qd6 18. Rad1 c5 19. Bf1 Nd7 {[%cal Bf6d7,Bd7b8,Bb8c6,Bc6d4][%mdl 32]} 20. Bd3 g6 (20... Nf8 $15 21. Re3 f6) 21. Re3 $11 Nb8 22. Rde1 {[%cal Rb2e5]} Nc6 23. f4 $1 {[%cal Rf4e5]} Nd4 24. Qd1 {[%cal Rf4e5]} f6 ({Don't take} 24... Qc6 25. Be4 Qd7 26. Bxb7 Qxb7 27. d3 $16) 25. fxe5 Rxe5 (25... Qc6 $2 26. Be4 Qc7 27. Bxb7 (27. exf6 Bxe4 28. Rxe4 Rxe4 $18) 27... Qxb7 28. exf6 Rxe3 29. Rxe3 $18) 26. Rxe5 fxe5 27. Be4 Bxe4 28. Rxe4 Rf8 29. h3 Qf6 30. Bxd4 (30. Qe1 {keeps more tension.} Qg5 31. Bxd4 exd4 32. b4) 30... exd4 $14 {[%mdl 4096] Endgame KQR-KQR} 31. Qe2 Rf7 (31... Qf5 {feels hotter.} 32. Re7 Rf7 33. Re5 Qb1+) 32. b4 cxb4 33. axb4 a5 34. bxa5 bxa5 {[%cal Bb6a5,Ba5a4,Ba4a3][%mdl 32]} 35. Qd3 a4 36. Qxd4 $2 {[%mdl 8192] [#]} (36. c5 $11) 36... Qxd4+ $19 37. Rxd4 a3 {Weighted Error Value: White=0.36/Black=0.15 (very precise)} 0-1